Research proposals : (رقم التسجيلة. 34988)
[ عرض عادي ]
| 000 -الفاتح | |
|---|---|
| حقل البيانات ثابتة الطول | 00799nam a22002417a 4500 |
| 003 - محدد رقم الضبط | |
| رقم الضبط | OSt |
| 005 - وقت وتاريخ اخر تعامل مع التسجيلة | |
| رقم الضبط | 20150408114217.0 |
| 008 - عناصر البيانات ثابتة الطول - معلومات عامة | |
| حقل البيانات ثابتة الطول | 140513s2012 enka g b 001 0 eng d |
| 020 ## - الرقم الدولى المعيارى للكتب | |
| الرقم الدولى المعيارى للكتاب | 9780335244065 |
| 020 ## - الرقم الدولى المعيارى للكتب | |
| الرقم الدولى المعيارى للكتاب | 0335244068 |
| 040 ## - مصدر الفهرسة | |
| وكالة الفهرسة الأصلية | Ma-Un |
| 082 00 - رقم تصنيف ديوى العشرى | |
| رقم الطبعة | 22 |
| رقم التصنيف | 300.72 |
| رقم المادة | DMR |
| 100 1# - المدخل الرئيسى - إسم شخصى | |
| الإسم الشخصى | Denscombe, Martyn |
| 9 (RLIN) | 44902 |
| 245 10 - بيان العنوان | |
| العنوان | Research proposals : |
| بقية العنوان | a practical guide / |
| بيان المسئوليه,etc | Martyn Denscombe. |
| 260 ## - PUBLICATION, DISTRIBUTION, ETC. (IMPRINT) | |
| مكان الناشر او الموزع | Maidenhead : |
| اسم الناشر او الموزع | McGraw-Hill/Open University Press, |
| تاريخ النشر أو التوزيع | 2012 |
| 300 ## - الوصف المادى | |
| التعداد | xi, 178 p. : |
| تفاصيل ماديه اخرى للوعاء | ill. ; |
| أبعاد الوعاء | 23 cm. |
| 490 0# - بيان السلسلة | |
| عنوان السلسلة | Open UP study skills |
| 504 ## - تبصرة ببليوجرافية | |
| تبصرة ببليوجرافية,الخ | Includes bibliographical references and index. |
| 650 ## - المدخل الاضافى بالموضوع-مصطلح موضوعى | |
| مصطلح موضوعي أو اسم جغرافي كعنصر مدخل | Proposal writing in the social sciences |
| 9 (RLIN) | 44903 |
| 650 ## - المدخل الاضافى بالموضوع-مصطلح موضوعى | |
| مصطلح موضوعي أو اسم جغرافي كعنصر مدخل | ocial sciences |
| التقسيم الفرعي العام | Research |
| 9 (RLIN) | 44904 |
| 650 ## - المدخل الاضافى بالموضوع-مصطلح موضوعى | |
| مصطلح موضوعي أو اسم جغرافي كعنصر مدخل | Social sciences |
| التقسيم الفرعي العام | Research |
| -- | Methodology |
| 9 (RLIN) | 19158 |
| 942 ## - | |
| -- | ddc |
| -- | BOOK |
| 999 ## - | |
| -- | 34988 |
| -- | 269488 |
| حالة الفقد | نموذج السعر الفعال | حالة تلف | ليس للاعارة | رقم الطلب | رقم النسخة | تاريخ الاكتساب | مصدر التزويد | Serial Enumeration / chronology | الباركود | الفرع الرئيسي | Date last seen | نوع المادة فى نظام كوها | مصدر التصنيف او خطة الترفيف | Total Checkouts | Date last checked out | Total Renewals |
|---|---|---|---|---|---|---|---|---|---|---|---|---|---|---|---|---|
| 2014-05-13 | Not For Loan | 300.72 DMR | 1 | 2014-05-13 | دار العرب | SRF | 00210900 | مكتبة كلية العلوم و الدراسات الإنسانية برماح - طالبات (SRF) | 2022-12-07 | كتاب | Dewey Decimal Classification | |||||
| 2014-05-13 | 300.72 DMR | 2 | 2014-05-13 | دار العرب | SRF | 00210901 | مكتبة كلية العلوم و الدراسات الإنسانية برماح - طالبات (SRF) | 2022-10-27 | كتاب | Dewey Decimal Classification | 3 | 2022-10-27 | ||||
| 2014-05-13 | Not For Loan | 300.72 DMR | 1 | 2014-05-13 | دار العرب | SRM | 00210903 | مكتبة كلية العلوم و الدراسات الإنسانية برماح - طلاب (SRM) | 2025-01-26 | كتاب | Dewey Decimal Classification | 2 | 2019-12-04 | 1 | ||
| 2014-05-13 | 300.72 DMR | 2 | 2014-05-13 | دار العرب | SRM | 00210902 | مكتبة كلية العلوم و الدراسات الإنسانية برماح - طلاب (SRM) | 2024-03-03 | كتاب | Dewey Decimal Classification | 2 | 2019-02-12 |
